UBT Library

URO ONCOLOGY (Record no. 6290)

000 -LEADER
fixed length control field 00280nam a22001337a 4500
008 - FIXED-LENGTH DATA ELEMENTS--GENERAL INFORMATION
fixed length control field 170227b xxu||||| |||| 00| 0 eng d
020 ## - INTERNATIONAL STANDARD BOOK NUMBER
International Standard Book Number 9781850706144
041 ## - LANGUAGE CODE
Language code of text/sound track or separate title eng
080 ## - UNIVERSAL DECIMAL CLASSIFICATION NUMBER
Universal Decimal Classification number 617
100 ## - Rafti
Rafti 5
101 ## - Shkurtesa
Shkurtesa SHK
245 ## - TITLE STATEMENT
Title URO ONCOLOGY
Statement of responsibility, etc KIRBY.R.S
942 ## - ADDED ENTRY ELEMENTS (KOHA)
Source of classification or shelving scheme
Item type Books
Holdings
Withdrawn status Lost status Source of classification or shelving scheme Damaged status Not for loan Collection code Permanent location Current location Shelving location Date acquired Total Checkouts Full call number Barcode Date last seen Price effective from Koha item type
          Koleksioni i përgjithshem UBT - Lipjan UBT - Lipjan Koleksioni i përgjithshem 02/27/2017   617 KIR 002-036868 02/27/2017 02/27/2017 Books
UBT Library © 2015-2024. All rights reserved University Education for Business and Technology